Dicionário de administração e finanças / (Record no. 651)

MARC details
000 -LÍDER
Campo Fixo de Controle 00764nam a2200253 a 4500
001 - NÚMERO DE CONTROLE
Campo de Controle 651
003 - IDENTIFICAÇÃO DO NÚMERO DE CONTROLE
Campo de Controle BR-CuiBMT
005 - DATA E HORA DA ÚLTIMA ATUALIZAÇÃO
Campo de Controle 20231112030314.0
008 - DADOS FIXOS
Dados Fixos 231111s2008 rjba d 000 0 por d
020 ## - INTERNATIONAL STANDARD BOOK NUMBER
Nº do ISBN 9788501078681
040 ## - AGÊNCIA CATALOGADORA
Código da Agência Catalogadora BR-CuiBMT
Agência que transcreveu o registro BR-CuiBMT
080 ## - Nº DA CLASSIFICAÇÃO DECIMAL UNIVERSAL
Nº edição CDU 2007
Nº Class. CDU 658:330
Subd. Auxiliar Comum (038)
090 ## - NÚMERO DE CHAMADA
Complemento R
Nº classificação 658:330(038)
Cutter S219d
100 1# - ENTRADA PRINCIPAL -- AUTOR PESSOAL
Nome pessoal Sandroni, Paulo,
Datas associadas ao nome 1939-
245 10 - TÍTULO PRINCIPAL
Título principal Dicionário de administração e finanças /
Indicação de responsabilidade Paulo Sandroni.
250 ## - EDIÇÃO
Outras informações sobre edição rev. e ampl.
260 ## - PUBLICAÇÃO, DISTRIBUIÇÃO, ETC.
Local de publicação Rio de Janeiro :
Editora Record,
Data 2008.
300 ## - DESCRIÇÃO FÍSICA
N. páginas ou volumes 527 p. :
Ilustrações il. ;
Dimensões 23 cm
504 ## - NOTA DE BIBLIOGRAFIA, ETC.
Nota de bibliografia Inclui bibliografia.
650 ## - ASSUNTO TÓPICO
Cabeçalho tópico ou nome geográfico Administração
Subdivisão geral Dicionários
Subdivisão geográfica Brasil
650 ## - ASSUNTO TÓPICO
Cabeçalho tópico ou nome geográfico Economia
Subdivisão geral Dicionários
Subdivisão geográfica Brasil
650 ## - ASSUNTO TÓPICO
Cabeçalho tópico ou nome geográfico Finanças
Subdivisão geral Dicionários
Subdivisão geográfica Brasil
942 ## - ELEMENTOS DE ENTRADA ADICIONAIS (KOHA)
Fonte de classificação ou esquema de arquivamento Classificação Decimal Universal
Tipo de item do Koha Obras de Referência
Holdings
Estado: removido Estado: perdido Fonte de classificação ou esquema de arquivamento Estado: danificado Indisponível para empréstimo Localização permanente Localização atual Data de aquisição Total Checkouts Número de Chamada completo Código de barras Date last seen Número do exemplar Preço efetivo a partir de Tipo de item (Koha)
    Classificação Decimal Universal     Biblioteca da Escola Superior de Contas do TCE/MT Biblioteca da Escola Superior de Contas do TCE/MT 12/11/2023   R 658:330(038) S219d BIBTCEMT23110473 12/11/2023 Ex. 1 12/11/2023 Obras de Referência

Powered by Koha